Grafický dizajn obalov

Komunikačná funkcia obalov je spojená s informačnou a propagačnou funkciou. Prvky obalového dizajnu ako prostriedok komunikácie.

Salvato in:
Dettagli Bibliografici
Autore principale: Mlákay, Jozef
Natura: Capitolo di libro
Lingua:slovacco
Soggetti:
Tags: Aggiungi Tag
Nessun Tag, puoi essere il primo ad aggiungerne!!

MARC

LEADER 00000naa$a2200000$$$4500
001 0178371
005 20240502073031.5
041 0 |a slo 
044 |a SK 
245 1 0 |a Grafický dizajn obalov  |c Jozef Mlákay 
520 |a Komunikačná funkcia obalov je spojená s informačnou a propagačnou funkciou. Prvky obalového dizajnu ako prostriedok komunikácie. 
610 2 0 |a obaly 
610 2 0 |a dizajn 
610 2 0 |a dizajn priemyselný 
610 2 0 |a komunikácia masová 
610 2 0 |a komunikácia neverbálna 
100 1 |a Mlákay, Jozef